000 00341nam a22001457a 4500
020 _qPB.
040 _cFIZZA ISHAQ
082 _a620.0057
_bJOH
100 _aBIRD, JOHN.
_990151
245 _aENGINEERING MATHEMATICS /
_cJOHN BIRD.
250 _a8th ED.
260 _aLONDON ;
_bROUTLEDGE,
_c2017.
300 _a709 P. ;
942 _2ddc
_cBK
999 _c588509
_d588509